Rozbory hospodárskej činnosti obchodných podnikov.
Uložené v:
| Hlavní autori: | , , |
|---|---|
| Médium: | Kniha |
| Jazyk: | Slovak |
| Vydané: |
1983
|
| Tagy: |
Pridať tag
Žiadne tagy, Buďte prvý kto otaguje tento záznam!
|
Titul je dostupný aj v ... 

MARC
| LEADER | 00000nam a2200000 a 4500 | ||
|---|---|---|---|
| 001 | 000235682 | ||
| 005 | 00000000000000.0 | ||
| 008 | 040101s1983 e sloo | ||
| 041 | 0 | |a slo | |
| 100 | 1 | |a RENDOŠ, L. |4 aut | |
| 245 | 1 | 0 | |a Rozbory hospodárskej činnosti obchodných podnikov. |
| 260 | |c 1983 | ||
| 500 | |a Záznam neprešiel kontrolou | ||
| 700 | 1 | |a VAŠKO, J. |4 aut | |
| 700 | 1 | |a STRÁŽOVSKÁ, E. |4 aut | |
| 910 | |a svkkk | ||
| 998 | |a BK | ||
| 090 | |g SCKHL |k Sklad Pribinova prízemie |a IV.123883 |i 235682-10 |s Absenčne | ||
| 090 | |g SCKHL |k Sklad Pribinova prízemie |a IV.123884 |i 235682-20 |s Absenčne | ||
| 090 | |g SCKHL |k Sklad Pribinova prízemie |a IV.124011 |i 235682-30 |s Absenčne | ||
| 090 | |g SCKHL |k Sklad Pribinova prízemie |a IV.124012 |i 235682-40 |s Absenčne | ||
| 090 | |g SCKHL |k Sklad Pribinova prízemie |a IV.124013 |i 235682-50 |s Absenčne | ||